Report of U.S. Maritime Commission on the Activities and Transactions of the Maritime Commission under the Merchant Ship Sales Act of 1946, Oct. 1, 1948, through Dec. 31, 1948.

Bibliographic Details
Corporate Authors: United States. Congress. House. Committee on Merchant Marine and Fisheries, ProQuest (Firm)
Format: Government Document eBook
Language:English
Published: [Place of publication not identified] : [publisher not identified], 1949.
Series:U.S. Congressional Research.
Subjects:
Online Access:Connect to the full text of this electronic book

MARC

Tag First Indicator Second Indicator Subfields
LEADER 00000cam a22000001a 4500
001 in00003295721
006 m d f
007 cr bn mmmapmmp
008 100513s1949 dcu o f000 0 eng d
005 20260429203759.8
035 |a cis2007833035 
040 |a LexisNexis  |c LexisNexis  |d UtOrBLW 
043 |a n-us--- 
086 0 |a Y 4.M 53:949-50/1 
099 |a CMP-1949-MMF-0001 
110 1 |a United States.  |b Congress.  |b House.  |b Committee on Merchant Marine and Fisheries. 
245 1 0 |a Report of U.S. Maritime Commission on the Activities and Transactions of the Maritime Commission under the Merchant Ship Sales Act of 1946, Oct. 1, 1948, through Dec. 31, 1948. 
264 1 |a [Place of publication not identified] :  |b [publisher not identified],  |c 1949. 
300 |a 1 online resource. 
336 |a text  |b txt  |2 rdacontent 
337 |a computer  |b c  |2 rdamedia 
338 |a online resource  |b cr  |2 rdacarrier 
500 |a Record is based on bibliographic data in LexisNexis U.S. Congressional Research Digital Collection (last viewed May 2010). Reuse except for individual research requires license from LexisNexis. 
500 |a Print. 
500 |a Electronic resource. 
650 0 |a Demobilization. 
650 0 |a Public contracts. 
650 0 |a Government ownership. 
655 7 |a Electronic books.  |2 local 
710 2 |a ProQuest (Firm) 
776 0 8 |i Microfiche version:   |a United States. Congress. House. Committee on Merchant Marine and Fisheries.  |t Report of U.S. Maritime Commission on the Activities and Transactions of the Maritime Commission under the Merchant Ship Sales Act of 1946, Oct. 1, 1948, through Dec. 31, 1948.  |o H3523 
830 0 |a U.S. Congressional Research. 
856 4 0 |u http://proxy.library.tamu.edu/login?url=https://congressional.proquest.com/congcomp/getdoc?CRDC-ID=CMP-1949-MMF-0001  |z Connect to the full text of this electronic book  |t 0 
999 |a MARS 
999 f f |s d955e64e-5c9f-35c5-b497-1b38df9682e5  |i 486c5cb8-fafa-3fc2-818b-921df8659a19  |t 0 
952 f f |a Texas A&M University  |b College Station  |c Electronic Resources  |s www_evans  |d Available Online  |t 0  |e CMP-1949-MMF-0001  |h Other scheme 
998 f f |a CMP-1949-MMF-0001  |t 0  |l Available Online